000 00475nam a2200181Ia 4500
005 20250508162233.0
008 008 250505s9999 xx 000 0 hin d
037 _aTextual
040 _aFEDL
_beng
_cFEDL
041 _ahin
_2eng
084 _aFH, POT
_qFEDL
100 _aPottekkatt S K
245 0 _aKatha ek prantar ki
260 _aNew Delhi, India
_bBharatiya Jnanpith
_c1981
300 _a506p.
942 _cTEXL
_hFH, POT
999 _c1375289
_d1375289